000
00205nam a2200097Ia 4500
008
240331s9999 xx 000 0 und d
082
_b
BAL
100
_a
Baleswari,N
245
0
_a
Ullaththin ullae
942
_c
L
999
_c
4609
_d
4609